Quiz sur Noël en Alsace - Statistiques

Statistiques générales
  • Ce quiz a été pris 529 fois
  • Le résultat moyen est 7 sur 15
Statistiques - réponses
Question Réponse % Correct
Quel breuvage alcoolisé et aux épices pouvez-vous boire pendant cet événement ? Le vin chaud
89%
Quel saint fêté dans la région a inspiré la tradition du Père Noël ? Saint-Nicolas
80%
Dans quel massif ce sapin est-il sélectionné chaque année à la mi-novembre ? Les Vosges
69%
Qu'est-ce que le Christkindelsmärik, apparu en 1570 ? Le marché de Noël de Strasbourg
61%
Quelle légende associée, se manifestant sous la forme de Hans Trapp, pourrez-vous croiser à Wissembourg ? Le Père Fouettard
49%
À quelle spécialité est consacrée la corporation des Lebküchler, et pour laquelle Gertwiller a un musée ? Le pain d'épice
46%
Quelle décoration pourrez-vous acheter à la verrerie de Kaysersberg pour décorer ce dernier ? Des boules de Noël
44%
Selon un manuscrit de 1521, quelle tradition serait apparue à Séléstat ? Le sapin de Noël
43%
Quel titre s'attribue la ville de Strasbourg depuis 1992 ? Capitale de Noël
36%
Sur quelle place strasbourgeoise se dresse chaque année l’un des plus grands sapins de Noël d’Europe ? La place Kléber
33%
À Truckenheim, qu'ouvre-t-on chaque jour dès la tombée de la nuit ? Une case du calendrier
31%
Comment s’appellent les petits gâteaux façonnés à l'emporte-pièce et au goût d’épices ? Les Bredele
27%
Quelle tradition chrétienne consiste à allumer une bougie à chaque semaine de l'Avent ? La Couronne de l’Avent
23%
Quelle autre place strasbourgeoise est celle qui accueille le plus de chalets en bois, et donc de visiteurs ? La place Broglie
18%
À quel artisanat est particulièrement consacré le marché de Noël de Soufflenheim ? À la poterie
10%
Aucun quiz correspondant
Distribution des résultats
% des personnes avec chaque résultat
Percentile par nombre de réponses
Votre historique - résultats
Vous n’avez pas pris ce quiz